000 00608nam a22001697a 4500
003 OSt
005 20241105135730.0
008 241105b |||||||| |||| 00| 0 eng d
040 _c0
082 _aDPer050 M72 January-March 2018 v. 66 no. 8-10
100 _aLuna, Gabriel L.
_eauthor.
_963610
245 _aUndestanding the reality behind the giving and receiving of a gift during Christams /
_cGabriel L. Luna.
260 _aManila, Philippines ;
_bIn the Grade School, Inc,
_cDecember 2018.
300 _aVolume 66, pages 264-265 ,
_billustration.
700 _aGabriel L. Luna
_929570
942 _2ddc
_cPER
999 _c23008
_d23008